000 00521nam a2200169 a 4500
001 000035304
005 20200930074238.0
008 111027s2000 xxu 000 0 spa d
020 _a1857592344
040 _aDO-SdBNP
_bspa
_cBNPHU
100 1 _aDain, Phyllis
_961074
245 1 0 _aThe New York public library :
_buniverse of knowledge /
_cPhyllis Dain.
260 _aLondon :
_bThe New York public library in association with,
_c2000.
300 _a144 p. :
_bil. ;
_c24 cm.
500 _aIncluye índice
049 _aBNPD
999 _c34795
_d34795